Generovanie dokumentácie zo zdrojových kódov

Enregistré dans:
Détails bibliographiques
Auteur principal: Kubis, Viliam, 1988- (Auteur)
Autres auteurs: Kapec, Peter, 1980- (Directeur de thèse)
Format: Manuscrit Livre
Langue:slovaque
Publié: Bratislava : STU v Bratislave FIIT, 2011
Sujets:
Accès en ligne:VAIS
Tags: Ajouter un tag
Pas de tags, Soyez le premier à ajouter un tag!

MARC

LEADER 00000ntm a22000003a 4500
001 stu233453
005 20150617230134.0
008 110818s2011----xo------------------slo-d
040 |a STU  |b slo 
041 0 |a slo 
044 |a xo 
100 1 |a Kubis, Viliam,  |d 1988-  |4 aut  |u I300  |U FIIT Fakulta informatiky a informačných technológií  |T FIIT Ústav aplikovanej informatiky  |X 56205  |U I300  |Y 180  |7 A000056205 
242 0 0 |a Generating documentation from source code  |y eng 
245 1 |a Generovanie dokumentácie zo zdrojových kódov 
260 |a Bratislava :  |b STU v Bratislave FIIT,  |c 2011 
300 |a 83 s 
650 7 |a documentation  |2 estusub 
650 7 |a dokumentácia  |2 stusub 
650 7 |a informatika  |2 stusub 
650 7 |a Informatics  |2 estusub 
700 1 |a Kapec, Peter,  |d 1980-  |4 ths  |u I300  |U FIIT Fakulta informatiky a informačných technológií  |T FIIT Ústav aplikovanej informatiky  |X 10235  |U I300  |Y 180  |7 A000010235 
856 4 |a info a plný text  |u http://is.stuba.sk/zp/portal_zp.pl?podrobnosti=56868  |3 VAIS 
996 |b IBAP60/11  |c I*BAP60/11  |l II680  |s P  |a 0  |w stu233453_0001